O migrácii vtákov

Bibliographic Details
Main Author: Ferianc, Oskár, 1905-1987 (Author)
Format: Article
Language:Slovak

MARC

LEADER 00000nab a2200000 a 4500
001 vtls011102736
003 SK-MaSNL
005 20260304204525.0
008 230222|1962 xo |||||||||||||||||slo|
015 |a SNBRB 
035 |a (uuid)29e0cbf7-68bd-4f87-9c5e-66e5b06ed8eb 
035 |a (urnnbn)urn:nbn:sk:snk:ar-a082k9 
035 |a urn:nbn:sk:snk-ab99bq 
040 |a SNKBUCL  |b slo  |c SNKBUCL  |e AACR2 
041 0 |a slo 
044 |a xo  |c SK 
100 1 |a Ferianc, Oskár,  |d 1905-1987  |4 aut  |9 92182 
245 1 0 |a O migrácii vtákov  |c Oskár Ferianc 
773 0 |t Svet vedy : populárnovedecký mesačník SAV a Čs. spoločnosti pre šírenie politických a vedeckých poznatkov  |g Roč. 9, č. 5 (1962), s. 280-285 
954 |a odborná, vedecká literatúra pôvodná (slovenská)  |2 lita 
958 |a OND 
958 |a EUIPO 
958 |a article13 
999 |c 3116513  |d 3118443